Mahapurus sankardevar madhur galpa katha (Record no. 4084)

MARC details
000 -LEADER
fixed length control field 00565cam a2200205ua 4500
001 - CONTROL NUMBER
control field 4267
005 - DATE AND TIME OF LATEST TRANSACTION
control field 20260515113817.0
008 - FIXED-LENGTH DATA ELEMENTS--GENERAL INFORMATION
fixed length control field 111222n ii |||gr||||Z||||||asm
040 ## - CATALOGING SOURCE
Transcribing agency MAIN
082 ## - DEWEY DECIMAL CLASSIFICATION NUMBER
Classification number 891.4513
100 1# - MAIN ENTRY--PERSONAL NAME
Personal name Sankardeva,
245 11 - TITLE STATEMENT
Title Mahapurus sankardevar madhur galpa katha
Statement of responsibility, etc. by Sankaradeva
250 ## - EDITION STATEMENT
Edition statement 1st.
260 ## - PUBLICATION, DISTRIBUTION, ETC.
Place of publication, distribution, etc. Guwahati:
Name of publisher, distributor, etc. Ramesh chandra Kalita,986.
300 ## - PHYSICAL DESCRIPTION
Extent 81p:
Dimensions 23cm.
653 ## - INDEX TERM--UNCONTROLLED
Uncontrolled term Assamese short stories
653 ## - INDEX TERM--UNCONTROLLED
Uncontrolled term Mahapurus sankardevar madhur galpa katha
700 1# - ADDED ENTRY--PERSONAL NAME
Personal name Kalita, Ramesh Chandra,
Relator term Editor.,
942 ## - ADDED ENTRY ELEMENTS (KOHA)
Koha item type Books
Holdings
Withdrawn status Lost status Damaged status Not for loan Home library Current library Shelving location Date acquired Total checkouts Full call number Barcode Date last seen Copy number Price effective from Koha item type
        Naharkatiya College Library Naharkatiya College Library General stacks 09/19/2020   891.4513 | SAN 8734 09/19/2020 1 09/19/2020 Books